000 00229nam a22000857a 4500
008 161020b xxu||||| |||| 00| 0 eng d
100 _9893
_aKleiser.G.
245 _aCommon Errors in English
260 _aNew Delhi
_bAPH Publications
_c2005
999 _c3546
_d3546